<?xml version="1.0" encoding="UTF-8"?>
<record
    xmlns:xsi="http://www.w3.org/2001/XMLSchema-instance"
    xsi:schemaLocation="http://www.loc.gov/MARC21/slim http://www.loc.gov/standards/marcxml/schema/MARC21slim.xsd"
    xmlns="http://www.loc.gov/MARC21/slim">

  <leader>05767cam a2200421 a 4500</leader>
  <controlfield tag="001">14937989</controlfield>
  <controlfield tag="005">20201128020741.0</controlfield>
  <controlfield tag="008">070723s2008    enk      b    001 0 eng  </controlfield>
  <datafield tag="010" ind1=" " ind2=" ">
    <subfield code="a">  2007030358</subfield>
  </datafield>
  <datafield tag="015" ind1=" " ind2=" ">
    <subfield code="a">GBA848000</subfield>
    <subfield code="2">bnb</subfield>
  </datafield>
  <datafield tag="016" ind1="7" ind2=" ">
    <subfield code="a">014566860</subfield>
    <subfield code="2">Uk</subfield>
  </datafield>
  <datafield tag="020" ind1=" " ind2=" ">
    <subfield code="a">9780521790789 (hardback)</subfield>
  </datafield>
  <datafield tag="020" ind1=" " ind2=" ">
    <subfield code="a">0521790786 (hardback)</subfield>
  </datafield>
  <datafield tag="020" ind1=" " ind2=" ">
    <subfield code="a">9780521793995 (pbk.)</subfield>
  </datafield>
  <datafield tag="020" ind1=" " ind2=" ">
    <subfield code="a">0521793998 (pbk.)</subfield>
  </datafield>
  <datafield tag="035" ind1=" " ind2=" ">
    <subfield code="a">(OCoLC)ocn167492760</subfield>
  </datafield>
  <datafield tag="035" ind1=" " ind2=" ">
    <subfield code="a">(OCoLC)167492760</subfield>
    <subfield code="z">(OCoLC)162126799</subfield>
  </datafield>
  <datafield tag="040" ind1=" " ind2=" ">
    <subfield code="a">DLC</subfield>
    <subfield code="c">DLC</subfield>
    <subfield code="d">BAKER</subfield>
    <subfield code="d">BTCTA</subfield>
    <subfield code="d">YDXCP</subfield>
    <subfield code="d">UKM</subfield>
    <subfield code="d">C#P</subfield>
    <subfield code="d">DLC</subfield>
  </datafield>
  <datafield tag="050" ind1="0" ind2="0">
    <subfield code="a">HB501</subfield>
    <subfield code="b">.H564 2008</subfield>
  </datafield>
  <datafield tag="082" ind1="0" ind2="0">
    <subfield code="a">335.412</subfield>
    <subfield code="2">22</subfield>
    <subfield code="b">HOL</subfield>
  </datafield>
  <datafield tag="100" ind1="1" ind2=" ">
    <subfield code="a">Hollander, Samuel.</subfield>
    <subfield code="9">3130</subfield>
  </datafield>
  <datafield tag="245" ind1="1" ind2="4">
    <subfield code="a">The economics of Karl Marx :</subfield>
    <subfield code="b">analysis and application /</subfield>
    <subfield code="c">Samuel Hollander.</subfield>
  </datafield>
  <datafield tag="260" ind1=" " ind2=" ">
    <subfield code="a">Cambridge ;</subfield>
    <subfield code="a">New York :</subfield>
    <subfield code="b">Cambridge University Press,</subfield>
    <subfield code="c">2008.</subfield>
  </datafield>
  <datafield tag="300" ind1=" " ind2=" ">
    <subfield code="a">xvi, 532 p. ;</subfield>
    <subfield code="c">25 cm.</subfield>
  </datafield>
  <datafield tag="440" ind1=" " ind2="0">
    <subfield code="a">Historical perspectives on modern economics</subfield>
    <subfield code="9">3131</subfield>
  </datafield>
  <datafield tag="500" ind1=" " ind2=" ">
    <subfield code="a">Includes Index.</subfield>
  </datafield>
  <datafield tag="504" ind1=" " ind2=" ">
    <subfield code="a">Includes bibliographical references (p. 501-518) and index.</subfield>
  </datafield>
  <datafield tag="505" ind1="2" ind2=" ">
    <subfield code="a">Capital : principle features of the Marxian "canon" -- Value and distribution -- On "demand-supply" analysis -- The transformation of values into prices: formal analysis -- The transformation and the allocation mechanism -- Competition constrained : land scarcity and firm size -- On "market value" and competition -- The inverse wage-profit relation and profit-rate equalization -- Materials, the luxury-goods sector and the general profit rate -- The rate of surplus value as endogenous variable -- More on final demand and distribution -- Marx's strategy -- The Baumol-Samuelson debate -- Elements of growth theory -- Setting the stage : stationary reproduction as circular-flow process -- Capital accumulation -- Determinants of the rate of accumulation -- The "simple reproduction" scheme -- The "extended reproduction" scheme -- Economic growth and the falling real-wage trend -- The falling wage trend -- The subsistence wage and the value of labor power -- The falling wage trend and population growth -- The industrial Reserve Army and cyclical wage fluctuations -- Inter-sectoral labor movements -- The participation rate -- Objections to Malthus -- Economic growth and the falling rate of profit -- The basic analysis -- The conditions for a falling rate of profit -- Increasing rate of surplus value and cheapening of constant capital -- The limited impact of a rising rate of surplus value -- Implications of differential rates of productivity increase -- Technical progress and the falling profit rate : an overview -- On secular underconsumption -- On the significance of the falling profit rate -- The cyclical dimension -- The cyclical chronology -- Trend and cycle : causal mechanisms -- The raw material constraint and upper turning point -- The labor constraint and upper turning point -- The monetary dimension -- A note on the "echo effect" -- Inter- and intra-departmental imbalance -- Origins: marx in the 1840s -- Marx's economics 1843-45 -- Price theory -- Wage-rate and profit-rate trends -- The private property system : Ricardo as bete noire -- On aggregate demand and "overproduction" -- In partial defence of Proudhon -- Objections to Friedrich list -- "First draft" of Capital 1847--49 -- Allocation and cost price : the labor theory -- Differential rent -- Labor as commodity -- On "labor power" and the source of surplus value -- The inverse wage-profit relation -- The falling real-wage trend -- Increasing organic composition, demographic patterns and the Reserve Army -- Profit-rate determination : "competition of capitals" -- Labor and free trade : on Marx's Ricardian bonafides -- "Second draft" of capital : the Grundrisse 1857-1858 -- 1857-58 I : surplus value -- The basic doctrine -- Surplus value and the transition to growth -- Elements of a growth model  : productivity increase, population growth and the reserve of unemployed -- The falling rate of profit -- The "transformation" -- A Marxian "reply" to Bohm-Bawerk -- Surplus value : matters of timing and indebtedness -- On Ricardo and surplus value : an excursus -- 1857-58 II : on value realization and the overproduction problem -- Capital turnover : a circular-flow process -- Value realization and overproduction -- On the law of markets and the overproduction literature -- On working-class consumption -- "Third draft" of Capital : the economic manuscripts, 1861- 63 -- 1861-1863 I : surplus value profit, rent, and interest -- Profit-rate equalization and the transformation -- The transformation aborted: absolute rent and the priority of the industrial sector -- The falling rate of profit -- Materials costs, the luxury sector and the general profit rate -- The rate of interest -- Commercial capital and the surplus-value doctrine -- 1861-1863 II : sectorial analysis, accumulation, and stability -- Sectoral analysis and the constant capital "riddle" -- Conditions for "continuous" accumulation -- On overproduction -- The secular-cyclical nexus -- Sources of cyclical instability -- The recovery process : corrective mechanisms -- On the overproduction literature -- 186-63 III : the labor market.</subfield>
  </datafield>
  <datafield tag="600" ind1="1" ind2="0">
    <subfield code="a">Marx, Karl,</subfield>
    <subfield code="d">1818-1883.</subfield>
    <subfield code="t">Das Kapital.</subfield>
    <subfield code="9">3132</subfield>
  </datafield>
  <datafield tag="650" ind1=" " ind2="0">
    <subfield code="a">Capital.</subfield>
    <subfield code="9">3133</subfield>
  </datafield>
  <datafield tag="650" ind1=" " ind2="0">
    <subfield code="a">Business cycles.</subfield>
    <subfield code="9">3134</subfield>
  </datafield>
  <datafield tag="650" ind1=" " ind2="0">
    <subfield code="a">Value.</subfield>
    <subfield code="9">3135</subfield>
  </datafield>
  <datafield tag="650" ind1=" " ind2="0">
    <subfield code="a">Marxian economics.</subfield>
    <subfield code="9">3136</subfield>
  </datafield>
  <datafield tag="856" ind1="4" ind2="2">
    <subfield code="3">Publisher description</subfield>
    <subfield code="u">http://www.loc.gov/catdir/enhancements/fy0803/2007030358-d.html</subfield>
  </datafield>
  <datafield tag="856" ind1="4" ind2="1">
    <subfield code="3">Table of contents only</subfield>
    <subfield code="u">http://www.loc.gov/catdir/enhancements/fy0803/2007030358-t.html</subfield>
  </datafield>
  <datafield tag="942" ind1=" " ind2=" ">
    <subfield code="2">ddc</subfield>
    <subfield code="c">BB</subfield>
  </datafield>
  <datafield tag="999" ind1=" " ind2=" ">
    <subfield code="c">11183</subfield>
    <subfield code="d">11183</subfield>
  </datafield>
  <datafield tag="952" ind1=" " ind2=" ">
    <subfield code="0">0</subfield>
    <subfield code="1">0</subfield>
    <subfield code="2">ddc</subfield>
    <subfield code="4">0</subfield>
    <subfield code="7">0</subfield>
    <subfield code="8">Baccah</subfield>
    <subfield code="a">MAIN</subfield>
    <subfield code="b">MAIN</subfield>
    <subfield code="c">1ST</subfield>
    <subfield code="d">2009-04-05</subfield>
    <subfield code="e">purchase</subfield>
    <subfield code="g">395.20</subfield>
    <subfield code="h">6993</subfield>
    <subfield code="l">4</subfield>
    <subfield code="m">3</subfield>
    <subfield code="o">335.412 HOL</subfield>
    <subfield code="p">000015628</subfield>
    <subfield code="r">2025-07-15 00:00:00</subfield>
    <subfield code="s">2016-08-31</subfield>
    <subfield code="y">BB</subfield>
  </datafield>
</record>
